Mukhzan (2) / (Record no. 524556)

000 -LEADER
fixed length control field 00528nam a22001937a 4500
003 - CONTROL NUMBER IDENTIFIER
control field NUST
005 - DATE AND TIME OF LATEST TRANSACTION
control field 20190624052008.0
008 - FIXED-LENGTH DATA ELEMENTS--GENERAL INFORMATION
fixed length control field 190624b ||||| |||| 00| 0 eng d
038 ## - RECORD CONTENT LICENSOR
Staff Name Faiza
082 ## - DEWEY DECIMAL CLASSIFICATION NUMBER
Classification number 891.439
Author Mark SAI
100 ## - MAIN ENTRY--PERSONAL NAME
Personal name Saikh, Maqsood Illahi
9 (RLIN) 15362
245 ## - TITLE STATEMENT
Title Mukhzan (2) /
Statement of responsibility, etc. Maqsood Illahi Saikh
260 ## - PUBLICATION, DISTRIBUTION, ETC.
Place of publication, distribution, etc. Asharat Publications :
Name of publisher, distributor, etc. Karachi,
Date of publication, distribution, etc. 2002.
300 ## - PHYSICAL DESCRIPTION
Extent 455p. ;
500 ## - GENERAL NOTE
General note Paper Cover
880 ## - ALTERNATE GRAPHIC REPRESENTATION
Linkage 100-01\r
Title مقصود الہی شیخ
880 ## - ALTERNATE GRAPHIC REPRESENTATION
Linkage 245-02\r
Title مخزن 2
942 ## - ADDED ENTRY ELEMENTS (KOHA)
Source of classification or shelving scheme
Koha item type Book
Holdings
Withdrawn status Lost status Source of classification or shelving scheme Damaged status Not for loan Permanent Location Current Location Shelving location Date acquired Total Checkouts Full call number Barcode Date last seen Price effective from Koha item type
          Central Library (CL) Central Library (CL) Urdu Literature 06/24/2019   891.439 SAI CL-E-1555 06/24/2019 06/24/2019 Book
© 2023 Central Library, National University of Sciences and Technology. All Rights Reserved.